|
|
|
|
| LEADER |
02363nas a22003492a 4500 |
| 001 |
000235278 |
| 003 |
CZ BrMZK |
| 005 |
20090127144408.0 |
| 007 |
ta |
| 008 |
010907d19081918xr mr p 0 a0gerod |
| 040 |
|
|
|a BOA001
|b cze
|
| 245 |
0 |
0 |
|a Mitteilungen des Erzherzog-Rainer-Museums für Kunst und Gewerbe :
|b Zeitschrift des Verbandes österr. Kunstgewerbemuseen
|
| 246 |
3 |
3 |
|a Mitteilungen des Erzherzog Rainer-Museums in Brünn
|
| 260 |
|
|
|a Brünn :
|b Erzherzog Rainer-Museums,
|c 1908-1918
|
| 300 |
|
|
|a ^^^sv. ;
|c 28 cm
|
| 310 |
|
|
|a 1x měsíčně
|
| 362 |
1 |
|
|a Jg. 26, No. 1 (1908) - Jg. 36, Nr. 7/8 (1918)
|
| 500 |
|
|
|a Podnázev od Jg. 31 (1913): Zeitschrift des Verbandes österreichischer Museen und des Deutschmährischen Verbandes für Heimatschutz
|
| 710 |
2 |
|
|a Uměleckoprůmyslové muzeum (Brno, Česko)
|7 kn20030313013
|
| 780 |
0 |
0 |
|t Mittheilungen des Mährischen Gewerbemuseums in Brün
|
| 910 |
|
|
|a BOA001
|b Nov.-0013.318
|r 1908-14,1916-18
|s Jg. 26-32,34-36
|
| 952 |
|
|
|a e-xr-
|
| 990 |
|
|
|a SE
|
| 996 |
6 |
|
|b 2610502650
|c Nov.-0013.318
|d 1915 33
|v 33
|y 1915
|l Stud. periodik/2.patro
|r Sklad / do 1 hodiny
|n 3
|p dar
|w 000235278
|u 000090
|a 1
|e BOA001
|j MZK50
|s P
|
| 996 |
6 |
|
|b 2619201056
|c Nov.-0013.318
|d 1913 31
|v 31
|y 1913
|l Stud. periodik/2.patro
|r Sklad / do 1 hodiny
|n 13
|w 000235278
|u 000050
|a 1
|e BOA001
|j MZK50
|s P
|
| 996 |
6 |
|
|b 2619232051
|c Nov.-0013.318
|d 1918 36
|v 36
|y 1918
|l Stud. periodik/2.patro
|r Sklad / do 1 hodiny
|n 6
|w 000235278
|u 000080
|a 1
|e BOA001
|j MZK50
|s P
|
| 996 |
6 |
|
|b 2619232052
|c Nov.-0013.318
|d 1912 30
|v 30
|y 1912
|l Stud. periodik/2.patro
|r Sklad / do 1 hodiny
|n 13
|w 000235278
|u 000070
|a 1
|e BOA001
|j MZK50
|s P
|
| 996 |
6 |
|
|b 2619232053
|c Nov.-0013.318
|d 1911 29
|v 29
|y 1911
|l Stud. periodik/2.patro
|r Sklad / do 1 hodiny
|n 11
|w 000235278
|u 000060
|a 1
|e BOA001
|j MZK50
|s P
|
| 996 |
6 |
|
|b 2619301216
|c Nov.-0013.318
|d 1916 34
|v 34
|y 1916
|l Stud. periodik/2.patro
|r Sklad / do 1 hodiny
|n 22
|w 000235278
|u 000030
|a 1
|e BOA001
|j MZK50
|s P
|
| 996 |
6 |
|
|b 2619301300
|c Nov.-0013.318
|d 1917 35
|v 35
|y 1917
|l Stud. periodik/2.patro
|r Sklad / do 1 hodiny
|n 19
|w 000235278
|u 000040
|a 1
|e BOA001
|j MZK50
|s P
|
| 996 |
6 |
|
|b 2619820842
|c Nov.-0013.318
|d 1909-10 27-28
|v 27-28
|y 1909-1910
|l Stud. periodik/2.patro
|r Sklad / do 1 hodiny
|n 24
|w 000235278
|u 000010
|a 1
|e BOA001
|j MZK50
|s P
|
| 996 |
6 |
|
|b 2619820843
|c Nov.-0013.318
|d 1914 32
|v 32
|y 1914
|l Stud. periodik/2.patro
|r Sklad / do 1 hodiny
|n 17
|w 000235278
|u 000020
|a 1
|e BOA001
|j MZK50
|s P
|